00276nam a2200097Ia 4500008004100000100002300041245004600064260004200110260000900152999001700161170620s9999 xx 000 0 und d aNagaraju- M. T. V. 0aStudy Habits of Secondary School Students bNew Delhi- Discovery Publishing House c2006 c24265d24265